| 000 | 00478nam a2200145Ia 4500 | ||
|---|---|---|---|
| 008 | 100415s9999 xx 000 0 und d | ||
| 082 |
_b4279 _a595.7 |
||
| 100 | _aP.E.S | ||
| 245 | _aProceedings Of The Royal Entomological Society Vol.6 Series B | ||
| 260 |
_aLONDON _c1937 _bThe Society |
||
| 365 | _b0 | ||
| 630 | _aProceedings Of The Royal Entomological Society Vol.6 Series B | ||
| 730 | _aProceedings Of The Royal Entomological Society Vol.6 Series B | ||
| 942 | _cBOOK | ||
| 999 |
_c587264 _d587261 |
||